00868 2200217 4500001002100000005001700021008004100038035002400079082001300103090002300116110007000139245024100209260007400450300003000524650003700554850001200591980001700603985000600620986000900626999001500635YOGYA-0209000004229820090227025844.0 ind  0010-020900000042298 a614.5993 a614.5993bInd KlT aINDONESIA. Kantor Menteri Koordinator Bidang Kesejahteraan Rakyat aKeputusan menteri Koordinator Bidang Kesejahteraan Rakyat/Ketua Komisi Penanggulangan AIDS nomor=05/Kep/Menko/Kesra/II/1995 Tentang program nasonal penanggulangan HIV/AIDS Pelita VIcKantor Menteri Koordinator Bidang kesejateraan Rakyat aJakartabKantor Menteri Koordinator Bidang kesejahtaraan Rakyatc1995 a45 lembarbilusc21X30 cm aAIDS (Penyakit) - Penanggulangan aYOPDYOG a28 Juli 2007 a1 adewi a07A0023393